000 00671nam a2200205 u 4500
005 20240229063554.0
008 141119s2006 r 000 0 eng d
020 _a950083314X (10 dígitos)
020 _a9789500833141 (13 dígitos)
035 _aUPN01000200819
049 _aI
050 4 _aPZ78
_bS3.8
100 1 _aSchujer, Silvia Graciela,
_d1956-
_932371
245 1 0 _aVerruga y briqueta en :
_bla más bruja de todas /
_cSilvia Schujer ; il. de José Olmos.
260 _aBuenos Aires :
_bAtlántida,
_c2006.
300 _a[24] p. :
_bil.
650 4 _aLiteratura infantil argentina
_97511
650 4 _aBRUJAS -
_vLITERATURA INFANTIL
_94409
905 _ainfantil
999 _c172920
_d172920